México : diálogo social para el proyecto de nación /

En el marco del proceso electoral que se vivió en México durante la primera mitad del año 2006, en esta obra se plantea la necesidad de reflexionar sobre la situación del país en el contexto de la globalización y hacer un diagnóstico objetivo sobre el modelo de inserción internacional, la economía,...

Ausführliche Beschreibung

Gespeichert in:
Bibliographische Detailangaben
Weitere Verfasser: Gutiérrez Garza, Esthela (autor) (autor), González Treviño, José Antonio (autor) (autor)
Format: Buch
Sprache:Spanisch
Veröffentlicht: México : Monterrey, México : Plaza y Valdés ; Universidad Autónoma de Nuevo León, Instituto de Investigaciones Sociales, 2006, c2006
Schlagworte:
Tags: Tag hinzufügen
Keine Tags, Fügen Sie das erste Tag hinzu!

MARC

LEADER 00000nam^a2200000^a^4500
001 000189564
005 20250521000000.0
009 20260310102418.771
020 |a 970-722-543-2 
037 |a Acervo ITESO - Biblioteca 
041 |a ESP 
082 |a 320. 9720711  |b MEX 
245 0 0 |a México :  |b diálogo social para el proyecto de nación /  |c E. Gutiérrez Garza... [et al.] ; presen. de J.A. González Treviño. 
264 4 |a México :  |b Plaza y Valdés ;  |a Monterrey, México :  |b Universidad Autónoma de Nuevo León, Instituto de Investigaciones Sociales,  |c 2006, c2006 
300 |a 157 p. 
336 |a texto  |b txt  |2 rdacontenido 
337 |a sin mediación  |b n  |2 rdamedio 
338 |a volumen  |b nc  |2 rdasoporte 
520 |a En el marco del proceso electoral que se vivió en México durante la primera mitad del año 2006, en esta obra se plantea la necesidad de reflexionar sobre la situación del país en el contexto de la globalización y hacer un diagnóstico objetivo sobre el modelo de inserción internacional, la economía, la sociedad y la política mexicanos de los últimos años, para poder, finalmente, desarrollar modelos sobre el futuro de la nación. 
649 |a XX 
650 |a Competitividad -  |z México 
650 |a Competencia Internacional (Economía) -  |z México 
650 |a Tratado de Libre Comercio -  |z México-EUA 
650 |a Tratados Comerciales Internacionales 
650 |a Apertura Comercial e Integración Económica -  |z México 
650 |a Globalización -  |z México 
650 |a Empleo y Desempleo -  |z México 
650 |a Deuda Externa -  |z México 
650 |a Crisis Económica -  |z México 
650 |a Estancamiento Económico -  |z México 
650 |a Sectores Económicos -  |z México 
650 |a Bienestar -  |z México 
650 |a Igualdad y Desigualdad -  |z México 
650 |a Desarrollo Sustentable -  |z México 
650 |a Desarrollo Económico-Social -  |z México 
650 |a Desarrollo Económico-Social -  |z México 
650 |a Política Social -  |z México 
650 |a Política Económica -  |z México 
650 |a Políticas Públicas -  |z México 
650 |a Democracia -  |z México 
650 |a Estado de Derecho -  |z México 
650 |a Cambios Políticos -  |z México 
650 |a Responsabilidad del Estado -  |z México 
650 |a Reforma Económica -  |z México 
650 |a Reforma Política -  |z México 
650 |a Política Exterior -  |z México 
650 |a Prospectiva Política -  |z México 
650 |a Proyecto Nacional -  |z México -  |x Historia -  |y 2000-2006 -  |x Tema Principal 
650 |a Economía -  |z México -  |x Historia -  |y 2000-2006 
650 |a Economía -  |z México -  |x Historia -  |y Siglo XXI 
650 |a Política -  |z México -  |x Historia -  |y 2000-2006 
650 |a Política -  |z México -  |x Historia -  |y Siglo XXI 
650 |a México -  |x Condiciones Políticas 
650 |a México -  |x Condiciones Económicas 
700 |a Gutiérrez Garza, Esthela  |e (autor) 
700 |a González Treviño, José Antonio  |e (autor) 
910 |a Fondo General 
920 |a Impresos - Libros 
930 |a Colección General 
905 |a 101 
901 |a 0500132603  |b IT1  |c ACC  |u 20250521 
901 |a 0500132606  |b IT1  |c ACC  |u 20250521 
902 |a https://opac.biblio.iteso.mx/vufind/Record/000189564